000 00966cam a2200229 4500
001 J63617
008 000000n2001 000 0 eng u
035 _a(Sirsi) u111038
041 _aeng
050 _a692.8
110 _aJoint Contracts Tribunal
_93664
245 _aStandard form of building contract with contractor's design 1998 edition amendment 3 and guidance notes - issued January 2001
260 _aLondon
_bRIBA Publications
_c2001
300 _a12p. ; 30cm.
490 _aJCT Standard Form of Building Contract With Contractor's Design 1998 Edition
_vAmendment 3
520 _aTerrorism cover/Joint Fire Code/CIS/SIMM
650 _aBUILT ENVIRONMENT-BUILDING CONTRACT FORMS
650 _aJCT STANDARD FORM OF BUILDING CONTRACT (1998 EDITION)
650 _aBUILT ENVIRONMENT-BUILDING CONTRACT FORMS-STANDARD FORMS OF BUILDING CONTRACT-JOINT CONTRACTS TRIBNUAL CONTRACTS
690 _aBUILT ENVIRONMENT-BUILDING CONTRACT FORMS
942 _n0
999 _c101176
_d101176